| 000 | 00759cam a22002295a 4500 | ||
|---|---|---|---|
| 001 | 779002 | ||
| 005 | 20180130133011.0 | ||
| 008 | 731214s1974 enka frb 001 0 eng d | ||
| 020 | _a0471443905 | ||
| 040 |
_aDLC _cDLC _dDLC _dEG-ScBUE _beng |
||
| 082 | 0 | 0 |
_a301.362 _222 _bJOH |
| 245 | 0 | 0 |
_aSuburban growth : _bgeographical processes at the edge of the western city / _cedited by James H. Johnson. |
| 260 |
_aLondon : _bJohn Wiley & Sons, _c1974. |
||
| 300 |
_axv, 257 p. : _bill. ; _c24 cm. |
||
| 504 | _aIncludes bibliographical references and index. | ||
| 650 | 7 |
_aCities and towns _xGrowth. _2BUEsh _97268 |
|
| 650 | 7 |
_aSuburbs. _2BUEsh |
|
| 651 | _2BUEsh | ||
| 653 |
_bGGEN _cJanuary2018 |
||
| 700 |
_aJohnson, James Henry, _d1930- _eeditor. |
||
| 942 | _2ddc | ||
| 999 |
_c26050 _d26022 |
||